[Event "Tbilisi"]
[Site "Tbilisi GEO"]
[Date "1979.??.??"]
[Round "?"]
[White "Lerner, Konstantin Z"]
[Black "Gurgenidze, Bukhuti I"]
[Result "1-0"]
[WhiteElo "2475"]
[BlackElo "2505"]
[PlyCount "76"]
[EventDate "1979.??.??"]
[Source "www.chesslib.no"]
[SourceDate "2004.05.04"]

1. Nf3 Nf6 2. c4 e6 3. Nc3 Nc6 4. d4 Bb4 5. e3 Bxc3+ 6. bxc3 Qe7 7. c5 e5 8. Ba3 e4 9. Nd2 O-O 10. Be2 Re8 11. O-O d6 12. cxd6 cxd6 13. Rb1 Qc7 14. c4 b6 15. Rb3 Ba6 16. Rc3 Na5 17. Qc2 Rac8 18. Bb2 Qd7 19. Nb3 Nc6 20. Ba3 d5 21. Rc1 Nd8 22. Nd2 dxc4 23. Bxc4 Bxc4 24. Rxc4 Rxc4 25. Nxc4 Ne6 26. Nd6 Rb8 27. Nxe4 Nxe4 28. Qxe4 Qa4 29. Qd3 h6 30. h3 b5 31. d5 Ng5 32. Bd6 Re8 33. a3 Ne4 34. Bb4 Nf6 35. d6 Nd7 36. Qf5 Rd8 37. Rc7 Nf6 38. Kh2 Qd1 1-0

[Event "II NAO GM"]
[Site "Paris"]
[Date "2003.06.21"]
[Round "2.1"]
[White "Shchekachev, Andrei"]
[Black "Nguyen Chi Minh"]
[Result "1-0"]
[WhiteElo "2592"]
[BlackElo "2383"]
[PlyCount "65"]
[EventDate "2003.06.20"]
[Source "Roberto Alvarez"]
[SourceDate "2003.07.07"]

1. Nf3 Nf6 2. c4 e6 3. Nc3 b6 4. e4 Bb7 5. Bd3 d5 6. cxd5 exd5 7. e5 Nfd7 8. Qa4 c6 9. Qf4 Nc5 10. Be2 Ne6 11. Qg3 Nd7 12. O-O Be7 13. d4 g5 14. Rd1 h5 15. Ne1 Ndf8 16. Qd3 Ng6 17. g3 h4 18. Bg4 Bc8 19. Bf3 hxg3 20. hxg3 g4 21. Bxg4 Nef4 22. Qf3 Nh3+ 23. Kf1 Rg8 24. Bxc8 Qxc8 25. Ng2 Bg5 26. Be3 Bxe3 27. Nxe3 Ngf4 28. gxf4 b5 29. a3 a5 30. Ke2 b4 31. axb4 Rb8 32. b5 cxb5 33. Ncxd5 1-0

[Event "XV op"]
[Site "Ljubjana"]
[Date "2004.07.14"]
[Round "7"]
[White "Ftacnik, Lubomir"]
[Black "Jakovljevic, Vlado"]
[Result "1/2-1/2"]
[WhiteElo "2549"]
[BlackElo "2426"]
[PlyCount "58"]
[EventDate "2004.07.10"]
[Source "Roberto Alvarez"]
[SourceDate "2003.08.04"]

1. c4 Nf6 2. Nf3 e6 3. Nc3 b6 4. e4 Bb7 5. Bd3 c5 6. O-O d6 7. Bc2 e5 8. Ba4+ Nbd7 9. d3 Be7 10. Nh4 g6 11. g3 Bf8 12. f4 h6 13. Nf3 Bg7 14. fxe5 dxe5 15. Nxe5 O-O 16. Nxd7 Nxd7 17. Be3 Ne5 18. Nd5 Bc8 19. Qd2 Bh3 20. Rf4 g5 21. Rf2 f5 22. exf5 Rxf5 23. Bd1 Qd6 24. Rxf5 Bxf5 25. Be2 Be6 26. d4 cxd4 27. Bxd4 Bxd5 28. cxd5 Qxd5 29. Rd1 Rf8 1/2-1/2

[Event "Andorra Open"]
[Site "Andorra"]
[Date "1991.??.??"]
[Round "?"]
[White "Komljenovic, Davor"]
[Black "Danailov, Silvio"]
[Result "1-0"]
[WhiteElo "2490"]
[BlackElo "2475"]
[PlyCount "81"]
[EventDate "1991.06.??"]
[Source "www.chesslib.no"]
[SourceDate "2004.05.04"]

1. Nf3 Nf6 2. c4 e6 3. Nc3 b6 4. e4 Bb7 5. Bd3 c5 6. O-O d6 7. Bc2 Nbd7 8. d4 cxd4 9. Nxd4 a6 10. b3 Be7 11. Qe2 O-O 12. Bb2 Qc7 13. Kh1 Rac8 14. f4 Rfe8 15. Rae1 Nf8 16. e5 N6d7 17. Qh5 g6 18. Qh6 dxe5 19. fxe5 Nxe5 20. Ndb5 axb5 21. Nxb5 Qd7 22. Bxe5 f6 23. Bxf6 Bxf6 24. Rxf6 Rcd8 25. Rf2 Bc6 26. a4 Bxb5 27. cxb5 Qd4 28. Qe3 Qxe3 29. Rxe3 Nd7 30. h3 Nc5 31. b4 Nd7 32. Rd2 Nf8 33. Rxd8 Rxd8 34. Ra3 Rb8 35. Bd3 Nd7 36. a5 Ra8 37. a6 Nf6 38. Bc4 Nd5 39. Rd3 Rd8 40. a7 Ra8 41. Rxd5 1-0

[Event "Ivan Cvitanovic Mem, Split CRO"]
[Site "?"]
[Date "2001.??.??"]
[Round "7"]
[White "Dimitrov, V."]
[Black "Brumen, D."]
[Result "1-0"]
[WhiteElo "2510"]
[BlackElo "2455"]
[PlyCount "65"]
[EventDate "2001.??.??"]
[Source "www.chesslib.no"]
[SourceDate "2004.05.04"]

1. c4 e6 2. Nf3 Nf6 3. Nc3 d5 4. e3 Be7 5. b3 O-O 6. Bb2 b6 7. Be2 Bb7 8. O-O c5 9. cxd5 Nxd5 10. a3 Nc6 11. Qc2 Rc8 12. Ne4 h6 13. d3 Rc7 14. Rac1 f5 15. Ned2 Bf6 16. Rfe1 g5 17. Nc4 g4 18. Nfe5 Nxe5 19. Bxe5 Bxe5 20. Nxe5 Rg7 21. Bf1 h5 22. Qb2 h4 23. b4 cxb4 24. axb4 Qg5 25. g3 hxg3 26. hxg3 f4 27. exf4 Qh5 28. Nc6 Rh7 29. Bg2 Rf6 30. Re5 Qh2+ 31. Kf1 Rc7 32. Rxd5 Rxc6 33. Rd8+ 1-0

[Event "Rovno"]
[Site "Rovno"]
[Date "2000.??.??"]
[Round "2"]
[White "Kasparov, Sergey"]
[Black "Gutman, Gennadi"]
[Result "0-1"]
[WhiteElo "2465"]
[BlackElo "2499"]
[PlyCount "76"]
[EventDate "2000.01.20"]
[Source "ChessBase"]
[SourceDate "2000.05.31"]

1. c4 e6 2. Nf3 Nf6 3. Nc3 b6 4. g3 Bb7 5. Bg2 Be7 6. O-O O-O 7. b3 d5 8. e3 Nbd7 9. Bb2 c5 10. Qe2 Rc8 11. Rfd1 Qc7 12. Rac1 Qb8 13. cxd5 Nxd5 14. Nxd5 Bxd5 15. e4 Bb7 16. d4 Qa8 17. d5 exd5 18. exd5 Bf6 19. Bxf6 Nxf6 20. Ng5 Rcd8 21. Rd2 h6 22. Ne4 Nxd5 23. Qc4 Nc7 24. Rcd1 Rxd2 25. Rxd2 Ne6 26. Rd7 Bc6 27. Rd6 Kh8 28. Qd3 Bxe4 29. Bxe4 Qb8 30. Qd2 Kg8 31. Kg2 Nd4 32. Rd7 Rd8 33. Rxd8+ Qxd8 34. Kh1 Qe7 35. Bg2 a5 36. Qd1 Qe2 37. Qxe2 Nxe2 38. f4 Nc1 0-1

[Event "Nis"]
[Site "?"]
[Date "1993.??.??"]
[Round "?"]
[White "Cvetkovic, S."]
[Black "Marjanovic, S."]
[Result "1-0"]
[WhiteElo "2510"]
[BlackElo "2445"]
[PlyCount "77"]
[EventDate "1993.??.??"]
[Source "ChessBase"]
[SourceDate "1993.10.01"]

1. c4 e6 2. Nf3 Nf6 3. Nc3 b6 4. e4 Bb7 5. Qe2 Bb4 6. e5 Ng8 7. g3 Nc6 8. Bg2 Nd4 9. Qd3 Nxf3+ 10. Bxf3 Bxf3 11. Qxf3 Ne7 12. d4 d5 13. exd6 cxd6 14. O-O Bxc3 15. Qxc3 Rc8 16. d5 e5 17. Qd3 O-O 18. b3 Qd7 19. a4 f5 20. f4 Ng6 21. a5 exf4 22. Bxf4 Nxf4 23. Rxf4 Rf7 24. axb6 axb6 25. Qe3 b5 26. Qe6 bxc4 27. Rxc4 Rb8 28. Ra6 Qxe6 29. dxe6 Re7 30. Rxd6 g5 31. Rc5 Rxb3 32. Rd7 Rb7 33. Rcd5 Rb1+ 34. Kg2 Rxe6 35. Rxf5 h6 36. Rc5 Rb2+ 37. Kh3 Rb8 38. Rcc7 Rg6 39. Kg4 1-0

[Event "Erandio Open 11th"]
[Site "?"]
[Date "2002.12.24"]
[Round "4.1"]
[White "Mirzoev Azer"]
[Black "Pilgaard Kim"]
[Result "1-0"]
[WhiteElo "2522"]
[BlackElo "2432"]
[PlyCount "39"]
[EventDate "2002.??.??"]
[Source "www.chesslib.no"]
[SourceDate "2004.05.04"]

1. c4 Nf6 2. Nf3 e6 3. Nc3 b6 4. e4 Bb7 5. Qc2 d5 6. cxd5 exd5 7. e5 Nfd7 8. d4 Be7 9. Bd3 h6 10. O-O O-O 11. Bf4 Re8 12. e6 Nf8 13. exf7+ Kxf7 14. Ne5+ Kg8 15. Bg6 Nxg6 16. Qxg6 Bf6 17. Nf7 Qe7 18. Nxh6+ Kf8 19. Qh7 Qe6 20. Bg5 1-0

[Event "Haifa ol (Men)"]
[Site "Haifa ISR"]
[Date "1976.??.??"]
[Round "12"]
[White "Rodriguez, Ruben"]
[Black "Dzindzichashvili, Roman"]
[Result "0-1"]
[WhiteElo "2405"]
[BlackElo "2535"]
[PlyCount "88"]
[EventDate "1976.11.??"]
[Source "www.chesslib.no"]
[SourceDate "2004.05.04"]

1. Nf3 Nf6 2. c4 e6 3. Nc3 b6 4. e4 Bb7 5. Bd3 d6 6. Bc2 c5 7. d4 cxd4 8. Nxd4 Nbd7 9. O-O Be7 10. b3 O-O 11. Bb2 a6 12. Qd2 Rc8 13. Rae1 g6 14. Kh1 e5 15. Nde2 Nc5 16. f3 Bc6 17. b4 Ncd7 18. Bd3 Nh5 19. Bc1 Bb7 20. a3 Ng7 21. Nd5 Bxd5 22. cxd5 b5 23. a4 bxa4 24. Bxa6 Rb8 25. Ba3 Bg5 26. Qc2 f5 27. Nc3 Nf6 28. exf5 Nxf5 29. Qd3 Bf4 30. g3 Bxg3 31. hxg3 Nxg3+ 32. Kg2 Nfh5 33. Bc1 Nxf1 34. Qxf1 Rxb4 35. Ne4 Nf4+ 36. Kg3 Rf5 37. Bxf4 exf4+ 38. Kg2 Rxe4 39. Rxe4 Rg5+ 40. Kh2 Rh5+ 41. Kg1 Qh4 42. Re2 Qh1+ 43. Kf2 Rh2+ 44. Ke1 Rxe2+ 0-1

[Event "Master Open"]
[Site "Voronezh"]
[Date "2003.06.17"]
[Round "5"]
[White "Zakhartsov, V."]
[Black "Lukjanenko, Alexander"]
[Result "1-0"]
[WhiteElo "2515"]
[BlackElo "2422"]
[PlyCount "69"]
[EventDate "2003.06.12"]
[Source "Roberto Alvarez"]
[SourceDate "2003.07.07"]

1. Nf3 Nf6 2. c4 b6 3. Nc3 e6 4. e4 Bb7 5. Bd3 c5 6. O-O Nc6 7. e5 Ng4 8. Be4 f5 9. exf6 Nxf6 10. Bxc6 Bxc6 11. d4 cxd4 12. Nxd4 Bb7 13. Qa4 Kf7 14. Bf4 Bc5 15. Rad1 Bxd4 16. Rxd4 Qc8 17. Nb5 Qc6 18. f3 Rhf8 19. Nd6+ Kg8 20. Qa3 a6 21. Rfd1 b5 22. Be5 Rab8 23. b3 Ba8 24. Bxf6 gxf6 25. Nxb5 Rf7 26. Rd6 Qc8 27. Rxa6 Rg7 28. Kh1 Qb7 29. Nd4 e5 30. Ra7 Qc8 31. Nf5 Qc6 32. Nxg7 Kxg7 33. Qe7+ Kh6 34. Rd6 Qxc4 35. Qxf6+ 1-0

[Event "It (Open) Ledyard USA"]
[Site "?"]
[Date "2006.04.15"]
[Round "6"]
[White "Zlotnikov Mikhail"]
[Black "Margvelashvili Giorgi"]
[Result "1/2-1/2"]
[WhiteElo "2393"]
[BlackElo "2541"]
[PlyCount "76"]
[EventDate "2006.??.??"]
[Source "www.chesslib.no"]
[SourceDate "2004.05.04"]

1. c4 Nf6 2. Nc3 c5 3. g3 e6 4. Nf3 b6 5. Bg2 Bb7 6. d3 Be7 7. O-O O-O 8. e4 d6 9. a3 Nc6 10. Rb1 Nd7 11. Ne1 Nd4 12. b4 Rb8 13. Bd2 Re8 14. f4 Bf8 15. Nc2 Nxc2 16. Qxc2 Bc6 17. b5 Bb7 18. a4 g6 19. Nd1 Bg7 20. Bc3 f5 21. Nf2 Bxc3 22. Qxc3 Qf6 23. Qxf6 Nxf6 24. Rfe1 Kf7 25. a5 e5 26. exf5 gxf5 27. axb6 axb6 28. fxe5 dxe5 29. Ra1 Bxg2 30. Kxg2 Rbd8 31. Ra7+ Rd7 32. Rxd7+ Nxd7 33. Ra1 Nf6 34. Ra7+ Re7 35. Rxe7+ Kxe7 36. Kf3 Ne8 37. Nd1 Ke6 38. Nc3 Nd6 1/2-1/2

[Event "CSR Ch"]
[Site "Frenstat"]
[Date "1982.??.??"]
[Round "13"]
[White "Ftacnik, Lubomir"]
[Black "Franzen, Jozef"]
[Result "1-0"]
[WhiteElo "2560"]
[BlackElo "2370"]
[PlyCount "81"]
[EventDate "1982.09.??"]
[Source "www.chesslib.no"]
[SourceDate "2004.05.04"]

1. Nf3 Nf6 2. c4 e6 3. Nc3 b6 4. e4 Bb7 5. Bd3 d6 6. O-O Be7 7. Bc2 c5 8. d4 cxd4 9. Nxd4 Nbd7 10. b3 Qc7 11. Bb2 O-O 12. Qe2 Rfe8 13. f4 Bf8 14. Ncb5 Qb8 15. Rad1 a6 16. Nxd6 Bxd6 17. e5 Nxe5 18. fxe5 Bxe5 19. Nc6 Bxh2+ 20. Kh1 Bxc6 21. Rxf6 Qg3 22. Rd4 Bxg2+ 23. Qxg2 Qxg2+ 24. Kxg2 Be5 25. Rf2 f5 26. b4 g5 27. Ba4 Re7 28. Rd7 Rxd7 29. Bxd7 Bxb2 30. Bxe6+ Kg7 31. Rxb2 Kf6 32. Bd5 Rc8 33. Re2 g4 34. Re6+ Kg5 35. Rxb6 h5 36. Rxa6 h4 37. b5 h3+ 38. Kf2 f4 39. Re6 g3+ 40. Kf3 h2 41. Kg2 1-0

[Event "Cup"]
[Site "?"]
[Date "1997.??.??"]
[Round "?"]
[White "Balashov Yuri S"]
[Black "Belozerov Andrei"]
[Result "1/2-1/2"]
[WhiteElo "2510"]
[BlackElo "2420"]
[PlyCount "48"]
[EventDate "1997.??.??"]
[Source "www.chesslib.no"]
[SourceDate "2004.05.04"]

1. Nf3 Nf6 2. c4 e6 3. Nc3 b6 4. e4 Bb7 5. Bd3 c5 6. O-O d6 7. Bc2 Be7 8. d4 cxd4 9. Nxd4 O-O 10. b3 Nc6 11. Bb2 a6 12. Kh1 Qd7 13. a4 Rfe8 14. f4 Rad8 15. Qg4 Bc8 16. Rf3 Bb7 17. Nd1 Bf8 18. Qh3 g6 19. Nc3 Kg7 20. Rff1 Nxd4 21. Na2 h6 22. Bd1 Nc2 23. Nc1 Kh8 24. Qh4 Na3 1/2-1/2

[Event "Pamporovo"]
[Site "Pamporovo"]
[Date "1982.??.??"]
[Round "1"]
[White "Inkiov, Ventzislav"]
[Black "Kirov, Nino"]
[Result "1/2-1/2"]
[WhiteElo "2495"]
[BlackElo "2430"]
[PlyCount "47"]
[EventDate "1982.03.??"]
[Source "ChessBase"]

1. Nf3 Nf6 2. g3 b6 3. Bg2 Bb7 4. O-O e6 5. c4 Be7 6. d3 c5 7. b3 O-O 8. e4 d6 9. Bb2 a6 10. Nc3 Nbd7 11. Re1 Ne5 12. d4 Nxf3+ 13. Bxf3 cxd4 14. Qxd4 Bc6 15. Bg2 Qb8 16. a4 Rc8 17. Rac1 Ra7 18. Red1 Rb7 19. Qe3 Nd7 20. Ne2 Ne5 21. Nd4 Be8 22. h3 Rbc7 23. Qd2 Nc6 24. Nxc6 1/2-1/2

[Event "FRG Ch int"]
[Site "Mannheim GER"]
[Date "1975.??.??"]
[Round "12"]
[White "Keene, Raymond D"]
[Black "Lombard, Andre"]
[Result "1/2-1/2"]
[WhiteElo "2505"]
[BlackElo "2420"]
[PlyCount "37"]
[EventDate "1975.??.??"]
[Source "www.chesslib.no"]
[SourceDate "2004.05.04"]

1. Nf3 Nf6 2. c4 e6 3. Nc3 b6 4. e4 Bb7 5. d3 d6 6. g3 Be7 7. Bg2 c5 8. O-O O-O 9. Re1 Nc6 10. d4 cxd4 11. Nxd4 Nxd4 12. Qxd4 Rc8 13. b3 Qc7 14. Bb2 Rfd8 15. Rac1 Qb8 16. h3 Ne8 17. Kh2 Bc6 18. Qd2 Bf6 19. Ne2 1/2-1/2